Second biggest city per European country - Statistics

General Stats
  • This quiz has been taken 49 times
    21 since last reset
  • The average score is 23 of 44
Answer Stats
Country City Population % Correct
Belgium Antwerp 525.935
94%
Austria Graz 291.072
88%
Italy Milan 1.396.059
88%
Germany Hamburg 1.899.160
82%
Greece Thessaloniki 325.182
82%
Denmark Aarhus 280.534
76%
Spain Barcelona 1.636.762
76%
Czech Republic Brno 380.681
76%
Ireland Cork 210.000
76%
France Marseille 868.277
76%
Netherlands Rotterdam 645.965
76%
Albania Durrës 113.249
71%
Poland Kraków 774.839
71%
Portugal Porto 237.591
71%
Russia Saint Petersburg 4.879.566
71%
Norway Bergen 283.929
65%
United Kingdom Birmingham 1.141.816
65%
Sweden Gothenburg 572.799
65%
Lithuania Kaunas 304.097
65%
Bulgaria Plovdiv 347.851
65%
Croatia Split 167.121
65%
Bosnia & Herzegovina Banja Luka 184.257
53%
Hungary Debrecen 208.016
53%
Finland Espoo 283.632
53%
Estonia Tartu 98.480
53%
Romania Cluj-Napoca 324.576
47%
Belarus Homel 510.300
47%
Serbia Novi Sad 231.798
47%
Ukraine Kharkiv 1.446.107
41%
Slovakia Košice 238.593
41%
Liechtenstein Vaduz 5668
41%
Latvia Daugavpils 92.260
35%
Slovenia Maribor 112.065
35%
Malta Mosta 20.988
35%
Moldova Tiraspol 148.917
35%
Switzerland Geneve 201'818
29%
Andorra Escaldes-Engordany 15.295
18%
Montenegro Nikšić 72.443
18%
Turkey Tekirdağ 3.354.934
18%
Luxembourg Esch-sur-Alzette 35.382
12%
North Macedonia Kumanovo 73.360
12%
Kosovo Prizren 85.119
12%
San Marino Borgo Maggiore 6922
6%
Iceland Kópavogur 36.975
6%
No matching quizzes found
Score Distribution
Percent of People with Each Score
Percentile by Number Answered
Your Score History
You have not taken this quiz since the last reset